| 000 | 00484nam a22001817a 4500 | ||
|---|---|---|---|
| 003 | CEME | ||
| 005 | 20210628201918.0 | ||
| 008 | 210208b xxu||||| |||| 00| 0 eng d | ||
| 020 | _a81-203-1626-6 | ||
| 040 | _c. | ||
| 082 | _a629,8 GHO | ||
| 100 |
_aGhosh, Arun K _957374 |
||
| 245 | _aIntroduction to instrumentation and control | ||
| 260 |
_aNEW DELHI _bPRENTICE HALL OF INDIA _c2004 |
||
| 300 | _aXVII,325P | ||
| 650 |
_aINSTRUMENTATION AND CONTROL _957375 |
||
| 942 |
_cBK _2ddc |
||
| 999 |
_c567664 _d567664 |
||